000 00357nam a2200157Ia 4500
005 20250603145828.0
008 250603s9999 xx 000 0 und d
050 _aKF 60 .A5/
245 4 _aThe all england law reports.[ vol.4 ]
260 _aLondon.
260 _bTempler bar.
260 _c1939
300 _a622 p
650 _aLondon.
942 _cBK
999 _c42981
_d42981